[Event "18th Charleroi Open-A 2019"]
[Site "Charleroi"]
[Date "2019.08.01"]
[Round "7.5"]
[White "Goormachtigh, Johan"]
[Black "De Waele, Warre"]
[Result "1/2-1/2"]
[WhiteElo "2164"]
[BlackElo "2225"]
[Annotator "NA"]
[PlyCount "39"]
[EventDate "2019.07.22"]
[EventType "swiss"]
[EventCountry "BEL"]
[SourceTitle "playchess.com"]
[Source "ChessBase"]
[SourceQuality "1"]
[TimeControl "40/5400+30:1800+30"]

1. d4 {[%emt 0:00:00]} Nf6 {[%emt 0:00:00]} 2. c4 {[%emt 0:00:03]} e6 {[%emt 0:00:00]} 3. Nf3 {[%emt 0:00:18]} d5 {[%emt 0:00:00]} 4. Nc3 {[%emt 0:00:27]} Bb4 {[%emt 0:00:17]} 5. Qa4+ {[%emt 0:01:57]} Nc6 {[%emt 0:00:10]} 6. e3 {[%emt 0:00:37]} O-O {[%emt 0:00:18]} 7. Qc2 {[%emt 0:02:25]} Re8 {[%emt 0:00:09]} 8. Bd2 {[%emt 0:00:46]} a6 {[%emt 0:01:17]} 9. h3 {[%emt 0:08:47]} Bd7 {[%emt 0:04:04]} 10. a3 {[%emt 0:05:05]} Bd6 {[%emt 0:04:40]} 11. cxd5 {[%emt 0:03:49]} exd5 {[%emt 0:00:24]} 12. Bd3 {[%emt 0:00:06]} Na7 {[%emt 0:08:18]} 13. Qb3 {[%emt 0:13:01]} c6 {[%emt 0:02:39]} 14. Qxb7 {[%emt 0:00:27]} Nb5 {[%emt 0:00:22]} 15. Nxb5 {[%emt 0:00:06]} axb5 {[%emt 0:03:01]} 16. Ne5 {[%emt 0:00:15]} Rb8 {[%emt 0:04:43]} 17. Qa7 {[%emt 0:01:06]} Ra8 {[%emt 0:11:30]} 18. Qb7 {[%emt 0:00:15]} Rb8 {[%emt 0:00:44]} 19. Qa7 {[%emt 0:00:12]} Ra8 {[%emt 0:00:07]} 20. Qb7 1/2-1/2

[Event "18th Charleroi Open-A 2019"]
[Site "Charleroi"]
[Date "2019.08.01"]
[Round "7.6"]
[White "Abdullayev, Elshad"]
[Black "Ghyselen, Wouter"]
[Result "1-0"]
[WhiteElo "2204"]
[BlackElo "2078"]
[Annotator "NA"]
[PlyCount "79"]
[EventDate "2019.07.22"]
[EventType "swiss"]
[EventCountry "BEL"]
[SourceTitle "playchess.com"]
[Source "ChessBase"]
[SourceQuality "1"]
[TimeControl "40/5400+30:1800+30"]

1. d4 {[%emt 0:06:57]} d6 {[%emt 0:05:27]} 2. Nf3 {[%emt 0:00:11]} g6 {[%emt 0:00:39]} 3. c4 {[%emt 0:00:16]} Bg7 {[%emt 0:04:23]} 4. Nc3 {[%emt 0:00:05]} e5 {[%emt 0:00:26]} 5. Bg5 {[%emt 0:01:53]} f6 {[%emt 0:00:29]} 6. Be3 {[%emt 0:08:46]} Nh6 {[%emt 0:00:58]} 7. dxe5 {[%emt 0:02:31]} dxe5 {[%emt 0:00:18]} 8. Qa4+ {[%emt 0:00:42]} Nd7 {[%emt 0:07:25]} 9. c5 {[%emt 0:05:58]} O-O {[%emt 0:10:40]} 10. g4 {[%emt 0:20:57]} Nf7 {[%emt 0:12:41]} 11. h4 {[%emt 0:24:29]} c6 {[%emt 0:10:55]} 12. h5 {[%emt 0:01:27]} Qe7 {[%emt 0:02:56]} 13. Nh4 {[%emt 0:04:50]} g5 {[%emt 0:25:39]} 14. Nf5 {[%emt 0:00:12]} Qe6 {[%emt 0:02:43]} 15. h6 {[%emt 0:00:10]} Bh8 {[%emt 0:00:22]} 16. Bg2 {[%emt 0:01:34]} Rd8 {[%emt 0:00:43]} 17. Be4 {[%emt 0:02:30]} Nf8 {[%emt 0:00:57]} 18. Bc2 {[%emt 0:01:03]} Qe8 {[%emt 0:01:13]} 19. Ne4 {[%emt 0:07:10]} Be6 {[%emt 0:01:20]} 20. Ned6 {[%emt 0:01:24]} Nxd6 {[%emt 0:00:59]} 21. Nxd6 {[%emt 0:02:15]} Qe7 {[%emt 0:02:21]} 22. O-O-O {[%emt 0:02:34]} Rd7 {[%emt 0:02:21]} 23. Nf5 {[%emt 0:00:47]} Qf7 {[%emt 0:03:24]} 24. Rxd7 {[%emt 0:02:10]} Qxd7 {[%emt 0:00:02]} 25. Rd1 {[%emt 0:00:12]} Qc7 {[%emt 0:00:06]} 26. Rd6 {[%emt 0:00:18]} Rd8 {[%emt 0:00:57]} 27. Qxa7 {[%emt 0:00:38]} Rxd6 {[%emt 0:01:14]} 28. cxd6 {[%emt 0:00:07]} Qd7 {[%emt 0:00:20]} 29. Qb8 {[%emt 0:00:18]} Kf7 {[%emt 0:00:20]} 30. a4 {[%emt 0:01:12]} Ng6 {[%emt 0:01:18]} 31. a5 {[%emt 0:00:21]} Qc8 {[%emt 0:00:19]} 32. Qa7 {[%emt 0:00:55]} Qd7 {[%emt 0:00:28]} 33. b4 {[%emt 0:00:42]} e4 {[%emt 0:00:20]} 34. Bxe4 {[%emt 0:00:29]} Ne5 {[%emt 0:00:05]} 35. Qb8 {[%emt 0:00:37]} Ng6 {[%emt 0:00:26]} 36. b5 {[%emt 0:00:23]} Bd5 {[%emt 0:00:24]} 37. Bxd5+ {[%emt 0:00:06]} cxd5 {[%emt 0:00:01]} 38. Qc7 {[%emt 0:00:14]} Nf8 {[%emt 0:01:12]} 39. a6 {[%emt 0:00:18]} bxa6 {[%emt 0:00:16]} 40. bxa6 {[%emt 0:00:15]} 1-0

[Event "18th Charleroi Open-A 2019"]
[Site "Charleroi"]
[Date "2019.08.01"]
[Round "7.7"]
[White "Anciaux, Marc"]
[Black "Verheyen, Olivier"]
[Result "1/2-1/2"]
[WhiteElo "2120"]
[BlackElo "2200"]
[Annotator "NA"]
[PlyCount "129"]
[EventDate "2019.07.22"]
[EventType "swiss"]
[EventCountry "BEL"]
[SourceTitle "playchess.com"]
[Source "ChessBase"]
[SourceQuality "1"]
[TimeControl "40/5400+30:1800+30"]

1. e4 {[%emt 0:04:26]} c5 {[%emt 0:00:00]} 2. Nf3 {[%emt 0:00:17]} d6 {[%emt 0:00:00]} 3. d4 {[%emt 0:00:07]} cxd4 {[%emt 0:00:00]} 4. Nxd4 {[%emt 0:00:13]} Nf6 {[%emt 0:00:00]} 5. Nc3 {[%emt 0:00:08]} a6 {[%emt 0:00:00]} 6. Be2 {[%emt 0:00:29]} e5 {[%emt 0:00:06]} 7. Nb3 {[%emt 0:00:09]} Be7 {[%emt 0:00:03]} 8. O-O {[%emt 0:00:12]} O-O {[%emt 0:00:03]} 9. Be3 {[%emt 0:00:17]} Be6 {[%emt 0:00:06]} 10. Qd2 {[%emt 0:00:38]} Nbd7 {[%emt 0:01:04]} 11. Rfd1 {[%emt 0:01:17]} Rc8 {[%emt 0:09:43]} 12. f3 {[%emt 0:03:57]} Qc7 {[%emt 0:06:13]} 13. Rac1 {[%emt 0:02:37]} Nb6 {[%emt 0:01:39]} 14. Qe1 {[%emt 0:07:58]} d5 {[%emt 0:05:22]} 15. exd5 {[%emt 0:10:31]} Nbxd5 {[%emt 0:03:03]} 16. Nxd5 {[%emt 0:01:27]} Nxd5 {[%emt 0:00:17]} 17. Bd2 {[%emt 0:01:19]} Qb6+ {[%emt 0:06:38]} 18. Qf2 {[%emt 0:00:47]} Qxf2+ {[%emt 0:00:44]} 19. Kxf2 {[%emt 0:00:04]} Nb4 {[%emt 0:00:51]} 20. Bxb4 {[%emt 0:01:46]} Bxb4 {[%emt 0:00:03]} 21. c3 {[%emt 0:00:54]} Be7 {[%emt 0:00:48]} 22. Bd3 {[%emt 0:01:40]} f5 {[%emt 0:02:56]} 23. Kg1 {[%emt 0:04:19]} Kf7 {[%emt 0:05:42]} 24. Re1 {[%emt 0:04:04]} Rfd8 {[%emt 0:03:46]} 25. Rcd1 {[%emt 0:00:23]} Kf6 {[%emt 0:06:57]} 26. Bc2 {[%emt 0:01:09]} b6 {[%emt 0:01:15]} 27. Rxd8 {[%emt 0:01:02]} Rxd8 {[%emt 0:00:10]} 28. Rd1 {[%emt 0:00:06]} Rc8 {[%emt 0:08:00]} 29. Nc1 {[%emt 0:02:24]} b5 {[%emt 0:08:46]} 30. Bb3 {[%emt 0:02:45]} b4 {[%emt 0:02:50]} 31. Bxe6 {[%emt 0:02:20]} Kxe6 {[%emt 0:00:12]} 32. Ne2 {[%emt 0:00:09]} bxc3 {[%emt 0:01:23]} 33. Nxc3 {[%emt 0:00:54]} Bc5+ {[%emt 0:00:52]} 34. Kf1 {[%emt 0:00:28]} Bd4 {[%emt 0:00:19]} 35. Ke2 {[%emt 0:01:11]} g5 {[%emt 0:04:47]} 36. Rb1 {[%emt 0:03:40]} h5 {[%emt 0:01:09]} 37. Kd3 {[%emt 0:00:28]} g4 {[%emt 0:01:56]} 38. Ne2 {[%emt 0:01:05]} Ba7 {[%emt 0:01:53]} 39. b4 {[%emt 0:00:52]} Rd8+ {[%emt 0:01:04]} 40. Kc3 {[%emt 0:00:42]} Be3 {[%emt 0:02:13]} 41. a4 {[%emt 0:30:37]} Rd2 {[%emt 0:30:50]} 42. Rb2 {[%emt 0:00:35]} Rxb2 {[%emt 0:02:30]} 43. Kxb2 {[%emt 0:00:02]} h4 {[%emt 0:00:29]} 44. h3 {[%emt 0:00:13]} gxh3 {[%emt 0:02:50]} 45. gxh3 {[%emt 0:00:28]} Kd5 {[%emt 0:00:59]} 46. b5 {[%emt 0:13:06]} axb5 {[%emt 0:03:07]} 47. axb5 {[%emt 0:00:11]} Kc4 {[%emt 0:03:47]} 48. Kc2 {[%emt 0:00:57]} Kxb5 {[%emt 0:00:40]} 49. Kd3 {[%emt 0:00:29]} Bf2 {[%emt 0:01:09]} 50. Nc3+ {[%emt 0:01:46]} Kc5 {[%emt 0:00:54]} 51. Na4+ {[%emt 0:00:27]} Kd6 {[%emt 0:03:22]} 52. Nc3 {[%emt 0:00:43]} Bd4 {[%emt 0:00:00]} 53. Nb5+ {[%emt 0:00:00]} Kc5 {[%emt 0:00:00]} 54. Na3 {[%emt 0:00:00]} Kd5 {[%emt 0:00:00]} 55. Nc2 {[%emt 0:00:00]} Bc5 {[%emt 0:00:00]} 56. Ne1 {[%emt 0:00:00]} Be7 {[%emt 0:00:00]} 57. Nc2 {[%emt 0:00:00]} e4+ {[%emt 0:00:00]} 58. Ke2 {[%emt 0:00:00]} Bc5 {[%emt 0:00:00]} 59. Ne1 {[%emt 0:00:00]} Be7 {[%emt 0:00:00]} 60. fxe4+ {[%emt 0:00:00]} fxe4 {[%emt 0:00:00]} 61. Nf3 {[%emt 0:00:00]} Bf6 {[%emt 0:00:00]} 62. Nd2 {[%emt 0:00:00]} Bd4 {[%emt 0:00:00]} 63. Nf3 {[%emt 0:00:00]} Bf6 {[%emt 0:00:00]} 64. Nd2 {[%emt 0:00:00]} Bd4 {[%emt 0:00:00]} 65. Nf3 {[%emt 0:00:00]} 1/2-1/2

[Event "18th Charleroi Open-A 2019"]
[Site "Charleroi"]
[Date "2019.08.01"]
[Round "7.8"]
[White "Hoffmeister, Frank"]
[Black "Van Doren, Bas"]
[Result "1-0"]
[WhiteElo "2187"]
[BlackElo "1976"]
[Annotator "NA"]
[PlyCount "81"]
[EventDate "2019.07.22"]
[EventType "swiss"]
[EventCountry "BEL"]
[SourceTitle "playchess.com"]
[Source "ChessBase"]
[SourceQuality "1"]
[TimeControl "40/5400+30:1800+30"]

1. d4 {[%emt 0:00:06]} Nf6 {[%emt 0:00:00]} 2. c4 {[%emt 0:00:03]} g6 {[%emt 0:00:00]} 3. Nc3 {[%emt 0:00:06]} d5 {[%emt 0:00:00]} 4. Nf3 {[%emt 0:00:11]} Bg7 {[%emt 0:00:00]} 5. Bf4 c6 {[%emt 0:06:18]} 6. e3 {[%emt 0:00:40]} O-O {[%emt 0:00:23]} 7. h3 {[%emt 0:01:29]} Nbd7 {[%emt 0:06:11]} 8. cxd5 {[%emt 0:02:29]} Nxd5 {[%emt 0:00:10]} 9. Nxd5 {[%emt 0:00:14]} cxd5 {[%emt 0:00:03]} 10. Bd3 {[%emt 0:00:33]} Nb6 {[%emt 0:16:00]} 11. O-O {[%emt 0:02:52]} Bd7 {[%emt 0:05:10]} 12. Rc1 {[%emt 0:24:55]} Nc4 {[%emt 0:06:17]} 13. Qe2 {[%emt 0:01:08]} Qb6 {[%emt 0:02:39]} 14. b3 {[%emt 0:03:44]} Nd6 {[%emt 0:01:03]} 15. Ne5 {[%emt 0:01:10]} Be6 {[%emt 0:03:04]} 16. Rc5 {[%emt 0:06:24]} Rfc8 {[%emt 0:01:45]} 17. Rfc1 {[%emt 0:00:25]} a5 {[%emt 0:06:21]} 18. R1c3 {[%emt 0:07:52]} Rxc5 {[%emt 0:05:06]} 19. Rxc5 {[%emt 0:04:16]} a4 {[%emt 0:02:32]} 20. Bc2 {[%emt 0:03:43]} axb3 {[%emt 0:06:34]} 21. Bxb3 {[%emt 0:01:35]} Ne4 {[%emt 0:02:28]} 22. Qb5 {[%emt 0:01:16]} Qxb5 {[%emt 0:07:35]} 23. Rxb5 {[%emt 0:00:01]} Rc8 {[%emt 0:00:48]} 24. f3 {[%emt 0:14:54]} Rc1+ {[%emt 0:07:31]} 25. Kh2 {[%emt 0:00:01]} Nd2 {[%emt 0:01:31]} 26. Rxb7 {[%emt 0:09:32]} h5 {[%emt 0:02:13]} 27. e4 {[%emt 0:02:32]} Nxb3 {[%emt 0:00:49]} 28. axb3 {[%emt 0:00:52]} Rc3 {[%emt 0:01:33]} 29. b4 {[%emt 0:03:10]} Bf6 {[%emt 0:04:20]} 30. b5 {[%emt 0:01:18]} g5 {[%emt 0:00:37]} 31. Bd2 {[%emt 0:00:08]} Rc2 {[%emt 0:00:02]} 32. Bb4 {[%emt 0:00:10]} Bxe5+ {[%emt 0:02:16]} 33. dxe5 {[%emt 0:00:02]} dxe4 {[%emt 0:00:14]} 34. fxe4 {[%emt 0:00:07]} Rc4 {[%emt 0:00:49]} 35. Bxe7 {[%emt 0:00:13]} Rxe4 {[%emt 0:00:42]} 36. Bf6 {[%emt 0:00:27]} g4 {[%emt 0:00:55]} 37. hxg4 {[%emt 0:01:04]} hxg4 {[%emt 0:00:12]} 38. Kg3 {[%emt 0:09:18]} Rb4 {[%emt 0:01:35]} 39. Kh4 {[%emt 0:00:00]} Rb1 {[%emt 0:02:43]} 40. Rb8+ {[%emt 0:00:00]} Kh7 {[%emt 0:00:23]} 41. Kg5 {[%emt 0:25:03]} 1-0

[Event "18th Charleroi Open-A 2019"]
[Site "Charleroi"]
[Date "2019.08.01"]
[Round "7.9"]
[White "Faybish, Nimrod"]
[Black "Dauw, Sterre"]
[Result "1/2-1/2"]
[WhiteElo "2220"]
[BlackElo "2148"]
[Annotator "NA"]
[PlyCount "147"]
[EventDate "2019.07.22"]
[EventType "swiss"]
[EventCountry "BEL"]
[SourceTitle "playchess.com"]
[Source "ChessBase"]
[SourceQuality "1"]
[TimeControl "40/5400+30:1800+30"]

1. d4 {[%emt 1:30:30]} Nf6 {[%emt 1:30:30]} 2. c4 g6 3. Nc3 d5 4. Bg5 Bg7 5. Nf3 Ne4 6. Bh4 Nxc3 {[%emt 0:02:30]} 7. bxc3 dxc4 {[%emt 0:00:30]} 8. Qa4+ {[%emt 0:03:30]} Qd7 {[%emt 0:00:30]} 9. Qxc4 b6 10. e3 {[%emt 0:01:00]} Ba6 {[%emt 0:01:00]} 11. Qb3 {[%emt 0:00:30]} Bxf1 {[%emt 0:00:30]} 12. Kxf1 {[%emt 0:00:30]} O-O {[%emt 0:00:30]} 13. Ke2 {[%emt 0:00:30]} c5 {[%emt 0:00:30]} 14. dxc5 {[%emt 0:00:30]} Na6 {[%emt 0:00:30]} 15. c6 {[%emt 0:00:30]} Qxc6 {[%emt 0:00:30]} 16. Bxe7 {[%emt 0:00:30]} Rfe8 {[%emt 0:00:30]} 17. Ba3 {[%emt 0:00:30]} Qxc3 {[%emt 0:00:30]} 18. Qxc3 {[%emt 0:00:30]} Bxc3 {[%emt 0:00:30]} 19. Rac1 {[%emt 0:00:30]} Bg7 {[%emt 0:00:30]} 20. Rc4 {[%emt 0:00:30]} Rec8 {[%emt 0:00:30]} 21. Rhc1 {[%emt 0:00:30]} Rxc4 {[%emt 0:00:30]} 22. Rxc4 {[%emt 0:00:30]} Bf8 {[%emt 0:00:30]} 23. Bxf8 {[%emt 0:00:30]} Kxf8 {[%emt 0:00:30]} 24. g4 {[%emt 0:00:30]} Nc5 {[%emt 0:00:30]} 25. g5 {[%emt 0:00:30]} Ne6 {[%emt 0:00:30]} 26. h4 {[%emt 0:00:30]} Rd8 {[%emt 0:00:30]} 27. Ne5 Rd5 28. f4 Ra5 29. Rc2 Kg7 {[%emt 0:01:30]} 30. Ng4 {[%emt 0:02:00]} Rc5 {[%emt 0:00:30]} 31. Rd2 {[%emt 0:00:30]} Rc1 {[%emt 0:00:30]} 32. Kf3 {[%emt 0:00:30]} Rf1+ {[%emt 0:00:30]} 33. Kg2 {[%emt 0:00:30]} Ra1 {[%emt 0:00:30]} 34. Kf3 {[%emt 0:00:30]} Rf1+ {[%emt 0:00:30]} 35. Ke4 {[%emt 0:00:30]} Rh1 {[%emt 0:00:30]} 36. Nh2 {[%emt 0:00:30]} Nc5+ {[%emt 0:00:30]} 37. Kf3 {[%emt 0:00:30]} f5 {[%emt 0:00:30]} 38. gxf6+ {[%emt 0:00:30]} Kxf6 {[%emt 0:00:30]} 39. h5 {[%emt 0:00:30]} gxh5 {[%emt 0:00:30]} 40. e4 {[%emt 0:00:30]} Rc1 {[%emt 0:00:30]} 41. Rd6+ Ke7 {[%emt 0:30:30]} 42. e5 {[%emt 0:31:00]} Rc3+ {[%emt 0:00:30]} 43. Kg2 {[%emt 0:00:30]} Rc2+ {[%emt 0:00:30]} 44. Kh3 {[%emt 0:00:30]} Rxa2 {[%emt 0:00:30]} 45. f5 {[%emt 0:00:30]} Rf2 {[%emt 0:00:30]} 46. f6+ {[%emt 0:00:30]} Kf7 {[%emt 0:00:30]} 47. Rc6 {[%emt 0:00:30]} Ne6 {[%emt 0:00:30]} 48. Rd6 {[%emt 0:00:30]} Ng5+ {[%emt 0:00:30]} 49. Kh4 {[%emt 0:00:30]} Ne4 {[%emt 0:00:30]} 50. Rd7+ {[%emt 0:00:30]} Ke8 {[%emt 0:00:30]} 51. Re7+ {[%emt 0:00:30]} Kf8 {[%emt 0:00:30]} 52. Kh3 {[%emt 0:00:30]} Ng5+ {[%emt 0:00:30]} 53. Kg3 {[%emt 0:00:30]} Ne4+ {[%emt 0:00:30]} 54. Kh3 {[%emt 0:00:30]} a5 {[%emt 0:00:30]} 55. Rb7 {[%emt 0:00:30]} Rf5 {[%emt 0:00:30]} 56. Rxb6 {[%emt 0:00:30]} Rxe5 {[%emt 0:00:30]} 57. Nf3 {[%emt 0:00:30]} Rf5 {[%emt 0:00:30]} 58. Nd4 {[%emt 0:00:30]} Rxf6 {[%emt 0:00:30]} 59. Rb8+ {[%emt 0:00:30]} Kf7 {[%emt 0:00:30]} 60. Ra8 {[%emt 0:00:30]} Rd6 {[%emt 0:00:30]} 61. Ra7+ {[%emt 0:00:30]} Kg6 {[%emt 0:00:30]} 62. Nb5 {[%emt 0:00:30]} Rd5 {[%emt 0:00:30]} 63. Nc7 {[%emt 0:00:30]} Re5 {[%emt 0:00:30]} 64. Ra6+ {[%emt 0:00:30]} Nf6 {[%emt 0:00:30]} 65. Ne6 {[%emt 0:00:30]} Kf5 {[%emt 0:00:30]} 66. Nd4+ {[%emt 0:00:30]} Kg6 {[%emt 0:00:30]} 67. Ne6 {[%emt 0:00:30]} Kf5 {[%emt 0:00:30]} 68. Nd4+ {[%emt 0:00:30]} Ke4 {[%emt 0:00:30]} 69. Nb3 {[%emt 0:00:30]} Nd5 {[%emt 0:00:30]} 70. Rxa5 {[%emt 0:00:30]} Nf4+ {[%emt 0:00:30]} 71. Kg3 {[%emt 0:00:30]} Re8 {[%emt 0:00:30]} 72. Nc5+ {[%emt 0:00:30]} Ke3 {[%emt 0:00:30]} 73. Ra3+ {[%emt 0:00:30]} Kd4 {[%emt 0:00:30]} 74. Kxf4 {[%emt 0:00:30]} 1/2-1/2

[Event "18th Charleroi Open-A 2019"]
[Site "Charleroi"]
[Date "2019.08.01"]
[Round "7.10"]
[White "Soyunlu, Narmin"]
[Black "Gijsen, Stief"]
[Result "0-1"]
[WhiteElo "2099"]
[BlackElo "2227"]
[Annotator "NA"]
[PlyCount "134"]
[EventDate "2019.07.22"]
[EventType "swiss"]
[EventCountry "BEL"]
[SourceTitle "playchess.com"]
[Source "ChessBase"]
[SourceQuality "1"]
[TimeControl "40/5400+30:1800+30"]

1. Nf3 {[%emt 0:04:32]} Nf6 {[%emt 0:00:47]} 2. c4 {[%emt 0:00:11]} c5 {[%emt 0:00:31]} 3. Nc3 {[%emt 0:00:33]} d5 {[%emt 0:00:47]} 4. cxd5 {[%emt 0:00:19]} Nxd5 {[%emt 0:00:06]} 5. g3 {[%emt 0:01:57]} g6 {[%emt 0:02:06]} 6. Qb3 {[%emt 0:07:58]} Nb4 {[%emt 0:06:13]} 7. a3 {[%emt 0:21:19]} Be6 {[%emt 0:09:53]} 8. Qa4+ {[%emt 0:00:47]} N4c6 {[%emt 0:00:10]} 9. Bg2 {[%emt 0:11:01]} Bg7 {[%emt 0:02:27]} 10. Ng5 {[%emt 0:01:16]} Bc8 {[%emt 0:18:07]} 11. Qc4 {[%emt 0:08:05]} O-O {[%emt 0:02:36]} 12. O-O {[%emt 0:08:16]} e6 {[%emt 0:11:02]} 13. d3 {[%emt 0:02:27]} b6 {[%emt 0:00:31]} 14. Qh4 {[%emt 0:05:42]} h6 {[%emt 0:02:08]} 15. Nf3 {[%emt 0:00:28]} Bb7 {[%emt 0:06:19]} 16. Qxd8 {[%emt 0:05:11]} Rxd8 {[%emt 0:00:35]} 17. Nd2 {[%emt 0:01:12]} Nd7 {[%emt 0:05:29]} 18. Nc4 {[%emt 0:02:35]} Rab8 {[%emt 0:01:22]} 19. Bf4 {[%emt 0:04:00]} e5 {[%emt 0:02:06]} 20. Be3 {[%emt 0:00:42]} Nf8 {[%emt 0:02:54]} 21. f4 {[%emt 0:04:01]} Nd4 {[%emt 0:01:53]} 22. Rad1 {[%emt 0:02:52]} Bxg2 {[%emt 0:06:20]} 23. Kxg2 {[%emt 0:00:14]} exf4 {[%emt 0:00:46]} 24. Bxf4 {[%emt 0:00:25]} Rb7 {[%emt 0:00:09]} 25. a4 {[%emt 0:03:14]} Re7 {[%emt 0:01:40]} 26. Rf2 {[%emt 0:00:28]} Re6 {[%emt 0:06:04]} 27. Kf1 {[%emt 0:02:01]} Nd7 {[%emt 0:01:59]} 28. h3 {[%emt 0:01:18]} Nf6 {[%emt 0:00:39]} 29. Be5 {[%emt 0:00:42]} Nc6 {[%emt 0:03:48]} 30. Bc7 {[%emt 0:00:36]} Rd7 {[%emt 0:00:13]} 31. Bf4 {[%emt 0:00:21]} Nh5 {[%emt 0:00:12]} 32. Kg2 {[%emt 0:00:38]} Bd4 {[%emt 0:01:08]} 33. Bxh6 {[%emt 0:00:37]} Bxf2 {[%emt 0:00:25]} 34. Kxf2 {[%emt 0:00:01]} Nf6 {[%emt 0:01:08]} 35. Rf1 {[%emt 0:00:22]} Nd4 {[%emt 0:00:40]} 36. Bg5 {[%emt 0:00:53]} Nd5 {[%emt 0:00:48]} 37. e3 {[%emt 0:00:42]} Nc2 {[%emt 0:00:57]} 38. Rc1 {[%emt 0:00:32]} Ncb4 {[%emt 0:00:33]} 39. Ke2 {[%emt 0:00:29]} f6 {[%emt 0:01:30]} 40. Bh6 {[%emt 0:00:29]} Kh7 {[%emt 0:00:15]} 41. Bf8 {[%emt 0:06:17]} Rd8 {[%emt 0:05:06]} 42. Bd6 {[%emt 0:03:48]} Rdxd6 {[%emt 0:00:14]} 43. Nxd6 {[%emt 0:00:11]} Rxd6 {[%emt 0:00:03]} 44. Nxd5 {[%emt 0:00:12]} Nxd5 {[%emt 0:00:20]} 45. Rc4 {[%emt 0:02:10]} Re6 {[%emt 0:00:41]} 46. e4 {[%emt 0:01:28]} Nb4 {[%emt 0:00:40]} 47. Rc3 {[%emt 0:02:39]} Rd6 {[%emt 0:00:32]} 48. a5 {[%emt 0:03:31]} Kg7 {[%emt 0:00:25]} 49. axb6 {[%emt 0:00:36]} axb6 {[%emt 0:00:04]} 50. Ra3 {[%emt 0:00:39]} Rd7 {[%emt 0:00:21]} 51. Rb3 {[%emt 0:03:43]} g5 {[%emt 0:00:19]} 52. Ra3 {[%emt 0:01:40]} Kg6 {[%emt 0:00:53]} 53. Rb3 {[%emt 0:00:40]} Rd8 {[%emt 0:01:32]} 54. Kd2 {[%emt 0:01:15]} Kf7 {[%emt 0:02:15]} 55. Ke2 {[%emt 0:04:22]} Ke6 {[%emt 0:01:29]} 56. h4 {[%emt 0:00:59]} gxh4 {[%emt 0:00:33]} 57. gxh4 {[%emt 0:00:05]} Rh8 {[%emt 0:01:13]} 58. d4 {[%emt 0:01:06]} Rxh4 {[%emt 0:00:11]} 59. dxc5 {[%emt 0:00:39]} bxc5 {[%emt 0:00:04]} 60. Re3 {[%emt 0:01:09]} Ke5 {[%emt 0:00:04]} 61. Rc3 {[%emt 0:00:14]} Rxe4+ {[%emt 0:00:49]} 62. Kf3 {[%emt 0:00:19]} Kd4 {[%emt 0:03:44]} 63. Rc1 {[%emt 0:01:57]} f5 {[%emt 0:00:21]} 64. Rd1+ {[%emt 0:00:19]} Ke5 {[%emt 0:00:22]} 65. Rd8 {[%emt 0:00:15]} Rh4 {[%emt 0:01:01]} 66. Re8+ {[%emt 0:00:22]} Kd4 {[%emt 0:00:33]} 67. Kg3 {[%emt 0:00:30]} Re4 {[%emt 0:00:48]} 0-1

[Event "18th Charleroi Open-A 2019"]
[Site "Charleroi"]
[Date "2019.08.01"]
[Round "7.11"]
[White "Van Mechelen, Jan"]
[Black "Roger, Mehdi"]
[Result "1/2-1/2"]
[WhiteElo "2218"]
[BlackElo "2125"]
[Annotator "NA"]
[PlyCount "40"]
[EventDate "2019.07.22"]
[EventType "swiss"]
[EventCountry "BEL"]
[SourceTitle "playchess.com"]
[Source "ChessBase"]
[SourceQuality "1"]
[TimeControl "40/5400+30:1800+30"]

1. e4 {[%emt 0:00:00]} e6 {[%emt 0:01:31]} 2. d3 {[%emt 0:00:00]} d5 {[%emt 0:00:17]} 3. Nd2 Nf6 {[%emt 0:04:30]} 4. Ngf3 {[%emt 0:00:33]} b6 {[%emt 0:00:52]} 5. c3 {[%emt 0:03:21]} Be7 {[%emt 0:05:31]} 6. Be2 {[%emt 0:08:57]} Bb7 {[%emt 0:12:37]} 7. Qa4+ {[%emt 0:02:50]} Qd7 {[%emt 0:06:43]} 8. Qc2 {[%emt 0:01:06]} Qc8 {[%emt 0:12:05]} 9. O-O {[%emt 0:02:39]} c5 {[%emt 0:06:50]} 10. Re1 {[%emt 0:01:06]} Nc6 {[%emt 0:00:36]} 11. Bf1 {[%emt 0:08:58]} Qc7 {[%emt 0:04:48]} 12. b4 {[%emt 0:07:44]} cxb4 {[%emt 0:05:34]} 13. cxb4 {[%emt 0:00:19]} Rc8 {[%emt 0:01:45]} 14. a3 {[%emt 0:03:08]} Nd4 {[%emt 0:07:24]} 15. Qxc7 {[%emt 0:01:00]} Nxf3+ {[%emt 0:00:04]} 16. Nxf3 {[%emt 0:00:30]} Rxc7 {[%emt 0:00:03]} 17. Bf4 {[%emt 0:01:05]} Rc8 {[%emt 0:00:16]} 18. e5 {[%emt 0:03:49]} Nd7 {[%emt 0:00:28]} 19. Nd4 {[%emt 0:00:51]} a6 {[%emt 0:01:55]} 20. g3 {[%emt 0:11:39]} Nb8 {[%emt 0:00:27]} 1/2-1/2

[Event "18th Charleroi Open-A 2019"]
[Site "Charleroi"]
[Date "2019.08.01"]
[Round "7.12"]
[White "De Villers, Mourad"]
[Black "Vernimmen, Pierre"]
[Result "1-0"]
[WhiteElo "2140"]
[BlackElo "1911"]
[Annotator "NA"]
[PlyCount "79"]
[EventDate "2019.07.22"]
[EventType "swiss"]
[EventCountry "BEL"]
[SourceTitle "playchess.com"]
[Source "ChessBase"]
[SourceQuality "1"]
[TimeControl "40/5400+30:1800+30"]

1. c4 {[%emt 0:00:06]} Nf6 {[%emt 0:01:42]} 2. Nc3 {[%emt 0:01:45]} g6 {[%emt 0:00:12]} 3. g3 {[%emt 0:00:17]} Bg7 {[%emt 0:00:11]} 4. Bg2 {[%emt 0:00:17]} O-O {[%emt 0:00:13]} 5. e4 {[%emt 0:00:17]} d6 {[%emt 0:00:15]} 6. Nge2 {[%emt 0:00:16]} c5 {[%emt 0:00:27]} 7. d4 {[%emt 0:01:54]} Nc6 {[%emt 0:05:53]} 8. d5 {[%emt 0:01:24]} Na5 {[%emt 0:01:26]} 9. b3 {[%emt 0:02:17]} b5 {[%emt 0:04:42]} 10. cxb5 {[%emt 0:04:08]} a6 {[%emt 0:01:24]} 11. b6 {[%emt 0:01:26]} Qxb6 {[%emt 0:04:52]} 12. O-O {[%emt 0:01:25]} Bg4 {[%emt 0:03:10]} 13. Bd2 {[%emt 0:10:32]} Nb7 {[%emt 0:19:31]} 14. h3 {[%emt 0:02:15]} Bxe2 {[%emt 0:02:59]} 15. Qxe2 {[%emt 0:00:38]} Nd7 {[%emt 0:04:48]} 16. Rac1 {[%emt 0:01:50]} Rac8 {[%emt 0:07:15]} 17. Rfd1 {[%emt 0:03:28]} c4 {[%emt 0:07:05]} 18. Na4 {[%emt 0:10:19]} Qb5 {[%emt 0:03:30]} 19. Rxc4 {[%emt 0:05:52]} Rxc4 {[%emt 0:06:40]} 20. Qxc4 {[%emt 0:02:09]} Qxc4 {[%emt 0:00:35]} 21. bxc4 {[%emt 0:00:07]} Nbc5 {[%emt 0:01:56]} 22. Nxc5 {[%emt 0:01:47]} Nxc5 {[%emt 0:00:13]} 23. Be3 {[%emt 0:05:58]} Rb8 {[%emt 0:02:55]} 24. f4 {[%emt 0:02:53]} Na4 {[%emt 0:02:56]} 25. e5 {[%emt 0:05:20]} Rc8 {[%emt 0:08:16]} 26. Rc1 {[%emt 0:02:36]} Kf8 {[%emt 0:03:47]} 27. Bf1 {[%emt 0:05:09]} Ke8 {[%emt 0:01:31]} 28. c5 {[%emt 0:03:03]} Nxc5 {[%emt 0:00:21]} 29. Bxa6 {[%emt 0:00:36]} Ra8 {[%emt 0:01:05]} 30. Bb5+ {[%emt 0:00:31]} Kd8 {[%emt 0:00:25]} 31. a4 {[%emt 0:01:16]} f6 {[%emt 0:01:21]} 32. Bc6 {[%emt 0:09:53]} Ra7 {[%emt 0:00:57]} 33. Rxc5 {[%emt 0:02:20]} dxc5 {[%emt 0:00:13]} 34. Bxc5 {[%emt 0:00:31]} Rc7 {[%emt 0:00:28]} 35. exf6 {[%emt 0:05:33]} Bxf6 {[%emt 0:00:05]} 36. Bb6 {[%emt 0:00:21]} Kc8 {[%emt 0:01:04]} 37. Kg2 {[%emt 0:04:16]} e6 {[%emt 0:01:09]} 38. Bxc7 {[%emt 0:00:26]} Kxc7 {[%emt 0:00:04]} 39. Kf3 {[%emt 0:00:24]} exd5 {[%emt 0:02:30]} 40. Bxd5 {[%emt 0:00:11]} 1-0